000 00722nam a2200205Ii 4500
003 JO-AjNU
008 230605s9999||||xx |||||||||||||| ||und||
040 _aJO-AjNU
_bara
_erda
_cJO-AjNU
041 _aara
050 1 4 _aBP144.H36 1998
100 3 _aالحنبلي، محمد بن علي السلوم,
_eauthor
_918398
245 0 0 _aوسيلة الراغبين وبغية المستفيدين في علم الفرائض
250 _aط1
264 3 1 _aالرياض: مكتبة الرشد للنشر والتوزيع، 1998
300 _a112ص
336 _atext
_btxt
_2rdacontent
337 _aunmediated
_bn
_2rdamedia
338 _avolume
_bnc
_2rdacarrier
650 4 _aالارث- الفقه الاسلامي
_918399
999 _aA5876
_c9444
_d9444